000 00252nam a2200097Ia 4500
001 796705
005 20250826170753.0
008 250824s9999 xx 000 0 und d
245 0 _aDEFİNE ADASI
_cROBERT LOUİS STEVENSON
260 _bSEDİR YAYINLARI A.Ş.
999 _c796705
_d796705